Nevládní organizace a životní prostředí

Zapájanie a vplyv nevládnych organizácií (NGO) do oblasti ochrany životného prostredia. Vzťah štátu a nevládnych organizácií. Podmienky pre dobrú spoluprácu vládneho a nevládneho sektora.

Guardado en:
Detalles Bibliográficos
Autor principal: Dlouhá, Jana
Otros Autores: Dlouhý, Jiří
Formato: Capítulo de libro
Lenguaje:checo
Materias:
Etiquetas: Agregar Etiqueta
Sin Etiquetas, Sea el primero en etiquetar este registro!

MARC

LEADER 00000naa a2200000 4500
001 r040971
005 20230927121133.7
041 0 |a cze 
044 |a CZ 
245 1 0 |a Nevládní organizace a životní prostředí  |c Jana Dlouhá, Jiří Dlouhý 
520 |a Zapájanie a vplyv nevládnych organizácií (NGO) do oblasti ochrany životného prostredia. Vzťah štátu a nevládnych organizácií. Podmienky pre dobrú spoluprácu vládneho a nevládneho sektora. 
610 2 0 |a ochrana prostredia životného 
610 2 0 |a ekológia 
610 2 0 |a organizácie nevládne 
610 2 0 |a štát 
610 2 0 |a programy rozvojové 
100 1 |a Dlouhá, Jana 
700 1 |a Dlouhý, Jiří